000
00327pab a2200133 454500
008
180718b xxu||||| |||| 00| 0 eng d
100
_a
Murthy, J.S.
245
_a
Role of television in promoting national integration
650
_a
Integration
650
_a
Television
700
_a
Saha, Maloy
773
_a
Vidura
909
_a
1109
999
_c
1109
_d
1109